00320 a2200133 4500003000400000005001700004008004100021020001500062040000600077100002000083245005900103260001600162300000800178OSt20180116182855.0160425b xxu||||| |||| 00| 0 eng d a817808063X c0 aMichael Colenso aKaizen Strategies for successful organizational change aIndiac2001 a192